LIBRARY & INFORMATION CENTRE, KCAET, TAVANUR

ONLINE PUBLIC ACCESS CATALOGUE (OPAC)

Basic multivariable calculus / (Record no. 13155)

MARC details
000 -LEADER
fixed length control field 00446cam a2200169ua 4500
041 ## - LANGUAGE CODE
Language code of text/sound track or separate title eng
082 ## - DEWEY DECIMAL CLASSIFICATION NUMBER
Classification number 515.1
Item number MAR/BA
100 ## - MAIN ENTRY--AUTHOR NAME
Personal name Marsden, Jerrold E .
245 ## - TITLE STATEMENT
Title Basic multivariable calculus /
260 ## - PUBLICATION, DISTRIBUTION, ETC. (IMPRINT)
Place of publication New York :
Name of publisher Springer Verlag ,
Year of publication 2005.
300 ## - PHYSICAL DESCRIPTION
Number of Pages 633 ; .
700 1# - ADDED ENTRY--PERSONAL NAME
Personal name Tromba, Anthony J .
700 1# - ADDED ENTRY--PERSONAL NAME
Personal name Weinstein, Alan .
942 ## - ADDED ENTRY ELEMENTS (KOHA)
Koha item type Books
Holdings
Withdrawn status Lost status Damaged status Home library Current library Date acquired Full call number Accession Number Koha item type
      KAUAET KAUAET 07/04/2012 515.1 21454 Books
free website counter